Score 0/13 Timer 04:00
0 Plays Today
Flavor % Correct
Green Apple
74.8%
Strawberry
74.6%
Raspberry
72.2%
Strawberry Acai
71.6%
Blueberry
65.9%
Watermelon
57.8%
Wild Grape
57.1%
Vanilla
52.7%
Citrus
42%
Mango
31.3%
Black Cherry
28.4%
Cranberry
26%
Passionfruit
18.4%
Remove Ads.
Support Sporcle.
Get the best of Sporcle when you Go Orange. This ad-free experience offers more features, more stats, and more fun while also helping to support Sporcle. Thank you for becoming a member.

You're not logged in!

Compare scores with friends on all Sporcle quizzes.
OR
Log In

Show Comments

Extras

Created Oct 26, 2010SourceReportNominate
Tags:alcohol, Flavor, Vodka

Top Quizzes Today


Score Distribution

Your Account Isn't Verified!

In order to create a playlist on Sporcle, you need to verify the email address you used during registration. Go to your Sporcle Settings to finish the process.

Report this User

Report this user for behavior that violates our Community Guidelines.

Details: